| 000 | 00433nam a2200145 i 4500 | ||
|---|---|---|---|
| 001 | bg | ||
| 245 | 0 |
_aBibliografia Bibliografii i Nauki o Książce 1975. _nCz. 1, _pBibliografia Bibliografii Polskich / _czestawiła Barbara Eychlerowa. |
|
| 260 |
_aWarszawa, _c1986. |
||
| 700 | 1 |
_aEychlerowa, Barbara. _eOprac. |
|
| 040 | _cBPK | ||
| 041 | _apol | ||
| 080 | _a016:01+002 | ||
| 942 | _cKS | ||
| 008 | s pl f |000 0 pol | ||
| 999 |
_c23070 _d23070 |
||
| 856 |
_uhttp://koha.tu.koszalin.pl/cgi-bin/koha/opac-detail.pl?biblionumber=23070 _yKatalog online BPK |
||